| LDR | | 00000nam c2200205 c 4500 |
| 001 | | 000000286795 |
| 005 | | 20210614164718 |
| 007 | | ta |
| 008 | | 210517s2018 ulk 001a kor |
| 020 | |
▼a 9788962622256
▼g 93510 :
▼c \25000 |
| 040 | |
▼a 248032
▼c 248032
▼d 248032 |
| 041 | 1 |
▼a kor
▼h eng |
| 049 | 0 |
▼l EM105073 |
| 056 | |
▼a 511.1813
▼2 4 |
| 090 | |
▼a 511.1813
▼b 도68ㅅ |
| 245 | 00 |
▼a 스스로 치유하는 뇌 :
▼b 신경가소성 임상연구를 통해 밝혀낸 놀라운 발견과 회복 이야기 /
▼d 노먼 도이지 지음;
▼e 장호연 옮김 |
| 246 | 19 |
▼a Brain's way of healing |
| 250 | |
▼a 초판 |
| 260 | |
▼a 서울 :
▼b 동아시아,
▼c 2018 |
| 300 | |
▼a 597 p. ;
▼c 23 cm |
| 500 | |
▼a 색인수록 |
| 500 | |
▼a 원저자명: Norman Doidge |
| 525 | |
▼a 권말부록 수록 |
| 546 | |
▼a 영어 원작을 한국어로 번역 |
| 653 | |
▼a 스스로
▼a 치유
▼a 뇌
▼a 신경과학 |
| 700 | 1 |
▼a 도이지, 노먼,
▼e 저 |
| 700 | 1 |
▼a 장호연,
▼e 역 |
| 740 | 2 |
▼a 신경가소성 임상연구를 통해 밝혀낸 놀라운 발견과 회복 이야기 |
| 950 | 0 |
▼b \25000 |
| 990 | |
▼a 관리자
▼b 관리자3
▼b 관리자2 |